Syndróm androgénnej insenzitivity

Bibliographic Details
Main Authors: Toporcerová, Silvia (Author), Ostró, Alexander, 1951- (Author), Hredzák, Radomír (Author), Adam, J. (Author)
Format: Article
Language:Slovak
English
PhysicalDescription:Tab.
ISSN:1210-7832
Subjects:

MARC

LEADER 00000nab a2200000 a 4500
001 vtls001496330
003 SK-MaSNL
005 20260303073350.0
008 050220c2004 xo 0 slo
015 |a SNBCL2005/2 
035 |a SLK029869 
040 |a SLKCL  |b slo  |c SNKBUCL  |e AACR2 
041 |a slo  |h eng 
044 |a xo  |c SK 
080 |a 616.64-007.17:577.175.6  |2 1981 
245 0 0 |a Syndróm androgénnej insenzitivity  |c S. Toporcerová ... [et al.] 
246 1 0 |a Syndrome of androgenic insensitivity 
246 1 1 |a Syndrome of androgenic insensitivity 
300 |b Tab. 
504 |a Res. angl., slov. 
504 |a Bibliogr. odkazy 
650 0 7 |a syndróm necitlivosti na androgény  |x klasifikácia  |2 MESH  |9 1074879 
650 0 7 |a receptory androgénové  |2 MESH  |9 1074880 
650 0 7 |a pseudohermafroditizmus  |2 MESH  |9 1074881 
650 0 7 |a embryológia  |2 MESH  |9 2459 
650 0 7 |a genetika  |2 MESH  |9 698 
650 0 7 |a diferenciálna diagnostika   |2 MESH  |9 69886 
700 1 |a Toporcerová, Silvia  |4 aut  |u II. gynekologicko-pôrodnícka klinika LF UPJŠ a FN L. Pasteura, Košice, Slovenská republika  |9 625255 
700 1 |a Ostró, Alexander,  |d 1951-  |4 aut  |9 220331 
700 1 |a Hredzák, Radomír  |4 aut  |u II. gyn.-pôr. klinika LF UPJŠ, Košice  |9 12878 
700 1 |a Adam, J.  |4 aut  |u II. gynekologicko-pôrodnícka klinika FN LP, Košice  |9 604694 
773 0 |w SERIAL_GENERAL*000056*2004*004*005  |x 1210-7832  |t Česká gynekologie  |g Roč. 69, č. 5 (2004), s. 401-408 
850 |a Slovenská lekárska knižnica v Bratislave  |a BA006 
852 |a BA006  |b KIS3GCP  |b 000500000 
999 |c 1767366  |d 1769296